| 000 | 00590nam a2200205Ia 4500 | ||
|---|---|---|---|
| 005 | 20260429112202.0 | ||
| 008 | 260429s9999||||xx |||||||||||||| ||und|| | ||
| 020 | _a9789048139897 | ||
| 041 | _aEnglish | ||
| 082 |
_a372.7 _bLEI |
||
| 100 | _aLeikin, Roza | ||
| 245 | 0 |
_aLearning through teaching mathematics : _bdevelopment of teachers' knowledge and expertise in practice / _cRoza Leikin |
|
| 250 | _a1st ed. | ||
| 260 |
_aSwitzerland : _bSpringer, _c2024. |
||
| 300 | _axii, 300 p.; hb | ||
| 650 | _a Teaching | ||
| 650 | _aMathematics | ||
| 700 | _a Zazkis, Rina | ||
| 942 | _cTB | ||
| 999 |
_c52788 _d52788 |
||